[Event "Mundial Juvenil femenino 2005 s14"]
[Site "Belfort FRA"]
[Date "2005.07.27"]
[Round "8.13"]
[White "Ramirez, Heimi"]
[Black "Vetrila, Sanda"]
[Result "1/2-1/2"]
[WhiteElo "1599"]
[BlackElo "1924"]
[PlyCount "81"]
[EventDate "2005.07.19"]
[EventType "swiss"]
[EventRounds "11"]
[EventCountry "FRA"]
[Source "lmi"]
[SourceDate "2005.07.31"]

1. Nf3 d5 2. d4 Nf6 3. c4 c6 4. e3 a6 5. Nc3 b5 6. cxd5 cxd5 7. Bd3 Bg4 8. O-O
e6 9. h3 Bxf3 10. Qxf3 Nc6 11. Bd2 Bd6 12. Rac1 Rc8 13. a4 b4 14. Bxa6 bxc3 15.
Bxc8 Qxc8 16. Rxc3 Ne4 17. Rc2 Nxd2 18. Rxd2 O-O 19. Rc2 Qa6 20. Rfc1 Nb4 21.
Rc3 Na2 22. Rc6 Qxa4 23. Qd1 Qb5 24. Rxd6 Nxc1 25. Qxc1 g6 26. Rc6 Rb8 27. Rc8+
Rxc8 28. Qxc8+ Kg7 29. Qc3 h5 30. b4 Kf6 31. g3 g5 32. Qc5 Qe2 33. Qd6 Kg6 34.
h4 Qc4 35. hxg5 Kxg5 36. Qe7+ Kg6 37. Qc5 Qe2 38. b5 h4 39. Kg2 h3+ 40. Kxh3
Qf1+ 41. Kh2 1/2-1/2

[Event "Mundial Juvenil femenino 2005 s14"]
[Site "Belfort FRA"]
[Date "2005.07.27"]
[Round "8.14"]
[White "Deur, Zrinka"]
[Black "Yu, Moqi"]
[Result "1/2-1/2"]
[WhiteElo "1918"]
[BlackElo "1599"]
[PlyCount "83"]
[EventDate "2005.07.19"]
[EventType "swiss"]
[EventRounds "11"]
[EventCountry "FRA"]
[Source "lmi"]
[SourceDate "2005.07.31"]

1. e4 c5 2. Nf3 d6 3. d4 cxd4 4. Nxd4 Nf6 5. Nc3 a6 6. f3 e5 7. Nb3 Be6 8. Be3
Nbd7 9. Qd2 h5 10. O-O-O Rc8 11. Kb1 Qc7 12. Be2 Nb6 13. g3 Bc4 14. Bxb6 Qxb6
15. Bxc4 Rxc4 16. Nd5 Nxd5 17. Qxd5 Qc7 18. c3 Be7 19. f4 O-O 20. h3 b6 21. h4
a5 22. a3 b5 23. Rc1 Rc8 24. f5 Rd8 25. Rhe1 a4 26. Na1 Rc5 27. Qd1 d5 28. Qxh5
d4 29. cxd4 exd4 30. Rxc5 Qxc5 31. Rc1 Qe5 32. Qf3 Bf6 33. Qd3 Be7 34. Nc2 g6
35. fxg6 fxg6 36. Nb4 Bxb4 37. axb4 Re8 38. Rc5 Qxe4 39. Qxe4 Rxe4 40. Rxb5 Re3
41. Rd5 d3 42. Kc1 1/2-1/2

[Event "Mundial Juvenil femenino 2005 s14"]
[Site "Belfort FRA"]
[Date "2005.07.27"]
[Round "8.15"]
[White "Zaichenko, Daria"]
[Black "Bukhashem, Fayega"]
[Result "1-0"]
[WhiteElo "2023"]
[BlackElo "1599"]
[PlyCount "103"]
[EventDate "2005.07.19"]
[EventType "swiss"]
[EventRounds "11"]
[EventCountry "FRA"]
[Source "lmi"]
[SourceDate "2005.07.31"]

1. d4 d5 2. c4 dxc4 3. e3 e6 4. Bxc4 Nf6 5. Nf3 c5 6. O-O Be7 7. Nc3 O-O 8. b3
a6 9. Bb2 b5 10. Bd3 Nc6 11. Ne4 cxd4 12. Nxd4 Bb7 13. Nxf6+ Bxf6 14. Nxc6 Bxc6
15. Bxf6 Qxf6 16. Bxh7+ Kxh7 17. Qc2+ Kg8 18. Qxc6 Rfd8 19. Rad1 Qe7 20. h3 Qa7
21. Qe4 Rac8 22. Rxd8+ Rxd8 23. Rc1 Qa8 24. Qxa8 Rxa8 25. Rc6 Kf8 26. a4 bxa4
27. bxa4 a5 28. Rc5 Ke8 29. h4 Kd7 30. g3 Ra7 31. Kg2 Kd6 32. Rb5 f6 33. g4 Ke7
34. f4 g6 35. Kf3 Kd6 36. e4 Kc6 37. h5 gxh5 38. gxh5 Ra8 39. Kg4 Rg8+ 40. Kh4
Rg1 41. Rxa5 Kd7 42. Ra7+ Kc8 43. a5 Ra1 44. a6 Kb8 45. Rf7 Rxa6 46. Rxf6 Kc7
47. f5 Kd7 48. Rxe6 Rxe6 49. fxe6+ Kxe6 50. h6 Kf6 51. e5+ Kg6 52. e6 1-0

[Event "Mundial Juvenil femenino 2005 s14"]
[Site "Belfort FRA"]
[Date "2005.07.27"]
[Round "8.17"]
[White "Aleksanian, Haykuhi"]
[Black "Agrest, Inna"]
[Result "0-1"]
[WhiteElo "1599"]
[BlackElo "1984"]
[PlyCount "78"]
[EventDate "2005.07.19"]
[EventType "swiss"]
[EventRounds "11"]
[EventCountry "FRA"]
[Source "lmi"]
[SourceDate "2005.07.31"]

1. e4 e5 2. Nf3 Nc6 3. Bb5 a6 4. Ba4 Nf6 5. O-O b5 6. Bb3 Bb7 7. c3 Nxe4 8. d4
exd4 9. Re1 Na5 10. Bc2 d5 11. Nxd4 Bd6 12. Qg4 O-O 13. Bxe4 dxe4 14. Bh6 Be5
15. Nf5 g6 16. Bxf8 Qxf8 17. Ng3 f5 18. Qe2 Nc4 19. a4 Rd8 20. axb5 axb5 21.
Na3 Rd2 22. Qf1 Nxa3 23. Rxa3 Rxb2 24. Ra7 Bc6 25. Rb1 Rc2 26. Rc1 Rxc1 27.
Qxc1 Qc5 28. Qa3 Qd5 29. Qa2 Qxa2 30. Rxa2 Bxc3 31. Rc2 b4 32. Ne2 Ba4 33. Ra2
Bb3 34. Ra8+ Kf7 35. Rb8 Bd5 36. Nf4 Ba2 37. Ra8 b3 38. Ne2 Be5 39. Rb8 b2 0-1

[Event "Mundial Juvenil femenino 2005 s14"]
[Site "Belfort FRA"]
[Date "2005.07.27"]
[Round "8.18"]
[White "Porat, Maya"]
[Black "Drobrenski, Jessika"]
[Result "1/2-1/2"]
[WhiteElo "1948"]
[BlackElo "1599"]
[PlyCount "86"]
[EventDate "2005.07.19"]
[EventType "swiss"]
[EventRounds "11"]
[EventCountry "FRA"]
[Source "lmi"]
[SourceDate "2005.07.31"]

1. d4 d5 2. c4 e6 3. Nc3 Nf6 4. Bg5 Nbd7 5. e3 Be7 6. Nf3 h6 7. Bf4 c6 8. Qc2
O-O 9. Bd3 dxc4 10. Bxc4 b5 11. Bd3 Bb7 12. O-O a6 13. a4 Rc8 14. Qe2 b4 15.
Ne4 Nxe4 16. Bxe4 a5 17. Rac1 Qb6 18. Nd2 Nf6 19. Bf3 Ba6 20. Nc4 Qd8 21. Rfd1
Nd5 22. Bg3 Nb6 23. b3 Bxc4 24. Rxc4 Nxc4 25. Qxc4 Qb6 26. Rc1 c5 27. d5 exd5
28. Bxd5 Bd6 29. Qg4 Bxg3 30. Qxg3 Qf6 31. e4 Rfd8 32. Qe3 Qe7 33. Qd3 Kh8 34.
Qc4 Rf8 35. g3 Qc7 36. Qb5 Rfe8 37. Qc4 Re7 38. f4 Qd7 39. Qb5 Qc7 40. Qc4 Qd7
41. Qb5 Qc7 42. Qc4 Qd7 43. Qb5 Qc7 1/2-1/2

[Event "Mundial Juvenil femenino 2005 s14"]
[Site "Belfort FRA"]
[Date "2005.07.27"]
[Round "8.19"]
[White "Heinatz, Maria"]
[Black "Valiyeva, Khayala"]
[Result "1-0"]
[WhiteElo "1940"]
[BlackElo "1599"]
[PlyCount "91"]
[EventDate "2005.07.19"]
[EventType "swiss"]
[EventRounds "11"]
[EventCountry "FRA"]
[Source "lmi"]
[SourceDate "2005.07.31"]

1. e4 c5 2. Nf3 e6 3. d4 cxd4 4. Nxd4 Nc6 5. Nc3 a6 6. Be2 Nge7 7. O-O Nxd4 8.
Qxd4 Nc6 9. Qe3 Be7 10. Na4 O-O 11. Nb6 Rb8 12. Bd2 Qc7 13. c3 Nd4 14. cxd4
Qxb6 15. Bc3 d6 16. Rac1 Bd7 17. Qd2 Qa7 18. Bb4 Rfe8 19. Rc7 Bc6 20. Rxe7 Rxe7
21. Bxd6 Rd7 22. Bxb8 Qxb8 23. Bf3 Qd8 24. Rd1 a5 25. h3 Ba4 26. b3 Bc6 27. Qe3
b5 28. Qc3 Bb7 29. Qc5 b4 30. Qe5 h6 31. Be2 Qa8 32. Bb5 Rd8 33. f3 Qa7 34. Kh1
Qb6 35. Bc4 Qa7 36. Qb5 Qa8 37. d5 exd5 38. Bxd5 Kh8 39. Rd3 Qa6 40. Bc4 Ra8
41. Qd7 Qb6 42. Qxf7 Bc6 43. Qe6 Re8 44. Qd6 Qb7 45. Bd5 Bxd5 46. Qxd5 1-0

[Event "Mundial Juvenil femenino 2005 s14"]
[Site "Belfort FRA"]
[Date "2005.07.27"]
[Round "8.20"]
[White "Mc Vay, Karsten"]
[Black "Moernaut, Evelien"]
[Result "1-0"]
[WhiteElo "1599"]
[BlackElo "1935"]
[PlyCount "79"]
[EventDate "2005.07.19"]
[EventType "swiss"]
[EventRounds "11"]
[EventCountry "FRA"]
[Source "lmi"]
[SourceDate "2005.07.31"]

1. d4 f5 2. c4 d6 3. Nf3 g6 4. Nc3 Nf6 5. g3 Bg7 6. Bg2 O-O 7. O-O Qe8 8. d5
Na6 9. Nd4 Nc5 10. Ncb5 Na6 11. Qc2 Bd7 12. Rd1 c6 13. Nc3 Nc7 14. b4 Rc8 15.
Qb3 cxd5 16. cxd5 Ng4 17. Bb2 f4 18. Nf3 fxg3 19. hxg3 Ne5 20. Rac1 Bh6 21. Rb1
Bf5 22. Nxe5 dxe5 23. e4 Bd7 24. a4 Qf7 25. Rf1 Ne8 26. Nd1 Nd6 27. Ne3 Bg7 28.
b5 Qe8 29. Rfc1 Kh8 30. Rxc8 Nxc8 31. Nc4 Qf7 32. Qe3 Kg8 33. Nxe5 Bxe5 34.
Bxe5 Nb6 35. Ba1 Bc8 36. Qd4 Qf6 37. e5 Qf5 38. Be4 Qg5 39. e6 Rf6 40. d6 1-0

[Event "Mundial Juvenil femenino 2005 s14"]
[Site "Belfort FRA"]
[Date "2005.07.28"]
[Round "9.2"]
[White "Ramya, Krishna I"]
[Black "Muzychuk, Mariya"]
[Result "0-1"]
[WhiteElo "2165"]
[BlackElo "2113"]
[PlyCount "100"]
[EventDate "2005.07.19"]
[EventType "swiss"]
[EventRounds "11"]
[EventCountry "FRA"]
[Source "lmi"]
[SourceDate "2005.07.31"]

1. d4 e6 2. Nf3 f5 3. g3 Nf6 4. Bg2 g6 5. O-O Bg7 6. c4 O-O 7. Nc3 d6 8. b3 Nc6
9. Bb2 e5 10. dxe5 dxe5 11. Qxd8 Rxd8 12. Nb5 Ne8 13. e4 a6 14. Nc3 Nf6 15.
Rad1 Rxd1 16. Rxd1 fxe4 17. Ng5 Bg4 18. Re1 Nb4 19. Ngxe4 c6 20. Nxf6+ Bxf6 21.
Ne4 Bg7 22. Nc5 b6 23. a3 Nc2 24. Rc1 bxc5 25. Rxc2 Rb8 26. b4 cxb4 27. axb4
Bf5 28. Rd2 e4 29. g4 Bxg4 30. Bxe4 Rxb4 31. Bxg7 Kxg7 32. Bxc6 Rxc4 33. Bd5
Rc1+ 34. Kg2 Rd1 35. Rxd1 Bxd1 36. Kf1 a5 37. Ke1 Ba4 38. Kd2 Kf6 39. Kc3 Ke5
40. Bg8 h6 41. h4 Be8 42. Bb3 Kf4 43. Bd1 a4 44. Kb4 Ke4 45. Be2 Kd4 46. Bf1
Ke4 47. Be2 Kf4 48. Bd1 Bd7 49. Kc3 a3 50. Kb3 Ba4+ 0-1

[Event "Mundial Juvenil femenino 2005 s14"]
[Site "Belfort FRA"]
[Date "2005.07.28"]
[Round "9.4"]
[White "Bodnaruk, Anastasia"]
[Black "Le, Hoan Tran Chau"]
[Result "1-0"]
[WhiteElo "2165"]
[BlackElo "1599"]
[PlyCount "109"]
[EventDate "2005.07.19"]
[EventType "swiss"]
[EventRounds "11"]
[EventCountry "FRA"]
[Source "lmi"]
[SourceDate "2005.07.31"]

1. e4 c5 2. Nc3 Nc6 3. Nge2 g6 4. d4 cxd4 5. Nxd4 Bg7 6. Nde2 d6 7. g3 Nf6 8.
Bg2 O-O 9. O-O Bd7 10. h3 Rc8 11. Rb1 a6 12. b3 b5 13. Bb2 Qb6 14. Kh2 b4 15.
Nd5 Nxd5 16. exd5 Na7 17. Qd2 Qc5 18. Bxg7 Kxg7 19. Rbc1 Nb5 20. f4 Nc3 21.
Nxc3 Qxc3 22. Qf2 Bb5 23. Rfe1 Rc7 24. g4 Re8 25. Be4 Kg8 26. f5 Qf6 27. Kg2
Rc3 28. fxg6 Qxf2+ 29. Kxf2 hxg6 30. h4 f5 31. gxf5 gxf5 32. Bxf5 Rf8 33. Rg1+
Kh8 34. Rg5 Rc5 35. Rh5+ Kg7 36. Rg1+ Kf7 37. Bg6+ Kg7+ 38. Ke3 Rc3+ 39. Bd3+
Kf7 40. Rf5+ Ke8 41. Rxf8+ Kxf8 42. Rg2 Bxd3 43. cxd3 Kf7 44. Kd4 Rc8 45. h5
Rh8 46. Rh2 Kg7 47. Kc4 Rb8 48. Re2 Kh6 49. Rxe7 Kxh5 50. Rc7 Kg5 51. Rc6 Rd8
52. Rxa6 Kf5 53. Kxb4 Ke5 54. Kc4 Rc8+ 55. Rc6 1-0

[Event "Mundial Juvenil femenino 2005 s14"]
[Site "Belfort FRA"]
[Date "2005.07.28"]
[Round "9.5"]
[White "Vojinovic, Jovana"]
[Black "Melekhina, Alisa"]
[Result "1/2-1/2"]
[WhiteElo "1952"]
[BlackElo "2163"]
[PlyCount "114"]
[EventDate "2005.07.19"]
[EventType "swiss"]
[EventRounds "11"]
[EventCountry "FRA"]
[Source "lmi"]
[SourceDate "2005.07.31"]

1. d4 Nf6 2. Nf3 g6 3. g3 Bg7 4. Bg2 O-O 5. O-O d5 6. Be3 Bf5 7. Qc1 Re8 8. h3
Nc6 9. Rd1 Nb4 10. Na3 Rc8 11. c4 c6 12. Qc3 a5 13. cxd5 cxd5 14. Qb3 Qd6 15.
Rdc1 Qa6 16. Bf1 Ne4 17. g4 Bd7 18. Ne5 Bc6 19. Bf4 Qa7 20. e3 f6 21. Nf3 e5
22. Bh2 exd4 23. exd4 f5 24. Rd1 fxg4 25. hxg4 Rf8 26. Nb5 Bxb5 27. Bxb5 Qb6
28. Bd7 Rcd8 29. Ba4 Qe6 30. Bg3 Qxg4 31. Nh2 Qf5 32. a3 Nxf2 33. axb4 Nh3+ 34.
Kg2 Ng5 35. Rf1 Qe4+ 36. Nf3 Bxd4 37. Rae1 Qg4 38. Ng1 Bxg1 39. Rxf8+ Kxf8 40.
Rxg1 Qh3+ 41. Kf2 Kg8 42. Ke1 Qe6+ 43. Kd1 Qg4+ 44. Kc1 Nf3 45. Rg2 Rc8+ 46.
Kb1 Qe4+ 47. Ka2 Nd4 48. Qd1 Qxg2 49. Qxd4 Rc4 50. Qe5 Qe4 51. Qb8+ Kf7 52.
Qxb7+ Kf6 53. Qb6+ Kg5 54. Qd8+ Kg4 55. Qh4+ Kf3 56. Bd1+ Ke3 57. Qh3 Kd3
1/2-1/2

[Event "Mundial Juvenil femenino 2005 s14"]
[Site "Belfort FRA"]
[Date "2005.07.28"]
[Round "9.6"]
[White "Khoo, Selina"]
[Black "Guramishvili, Sopiko"]
[Result "0-1"]
[WhiteElo "2006"]
[BlackElo "2104"]
[PlyCount "56"]
[EventDate "2005.07.19"]
[EventType "swiss"]
[EventRounds "11"]
[EventCountry "FRA"]
[Source "lmi"]
[SourceDate "2005.07.31"]

1. e4 c5 2. Nf3 d6 3. Bb5+ Bd7 4. Bxd7+ Qxd7 5. c4 e5 6. Nc3 Nc6 7. d3 Nge7 8.
Be3 g6 9. Nd5 Bg7 10. Nd2 O-O 11. O-O f5 12. f3 f4 13. Bf2 g5 14. a3 h5 15. b4
b6 16. Qa4 Kf7 17. h4 g4 18. g3 Bh6 19. Ra2 Rg8 20. Kh2 Qc8 21. Be1 Nd4 22. Qd1
Nxd5 23. cxd5 Ke7 24. fxg4 Rxg4 25. Nb3 Nxb3 26. Qxb3 fxg3+ 27. Kg2 Rxh4 28.
Bxg3 Qh3+ 0-1

[Event "Mundial Juvenil femenino 2005 s14"]
[Site "Belfort FRA"]
[Date "2005.07.28"]
[Round "9.7"]
[White "Genzling, Sylvie"]
[Black "Pon, N. Krithika"]
[Result "1/2-1/2"]
[WhiteElo "1968"]
[BlackElo "2007"]
[PlyCount "122"]
[EventDate "2005.07.19"]
[EventType "swiss"]
[EventRounds "11"]
[EventCountry "FRA"]
[Source "lmi"]
[SourceDate "2005.07.31"]

1. e4 Nf6 2. e5 Nd5 3. d4 d6 4. c4 Nb6 5. exd6 cxd6 6. Be3 g6 7. Nc3 Bg7 8. Rc1
O-O 9. Nf3 Nc6 10. Be2 Bg4 11. b3 Rc8 12. O-O f5 13. Ng5 Bxe2 14. Qxe2 Qd7 15.
d5 Nd8 16. Bxb6 axb6 17. Na4 Qc7 18. Ne6 Nxe6 19. Qxe6+ Kh8 20. Qe3 Ra8 21.
Rfe1 Bf6 22. Qxb6 Qd7 23. Qe3 Rae8 24. c5 dxc5 25. Nxc5 Qd6 26. Qe6 Qxe6 27.
Rxe6 Rc8 28. Rc4 b5 29. Rc1 Bg5 30. Rc2 Rfd8 31. h4 Bxh4 32. Rc6 Ra8 33. Ne6
Rg8 34. Rb6 Rgb8 35. Rxb8+ Rxb8 36. a4 bxa4 37. bxa4 h6 38. Ra2 Bf6 39. a5 Be5
40. g3 Ra8 41. a6 Kg8 42. Kf1 Kf7 43. Ke2 Ke8 44. Kd3 Bd6 45. a7 Kd7 46. Nf8+
Kc7 47. Nxg6 Kb7 48. Nh4 f4 49. Nf5 fxg3 50. Nxd6+ exd6 51. fxg3 Rxa7 52. Rxa7+
Kxa7 53. Ke4 Kb6 54. Kf5 Kc5 55. Kg6 Kxd5 56. Kxh6 Ke4 57. g4 d5 58. g5 d4 59.
g6 d3 60. g7 d2 61. g8=Q d1=Q 1/2-1/2

[Event "Mundial Juvenil femenino 2005 s14"]
[Site "Belfort FRA"]
[Date "2005.07.28"]
[Round "9.8"]
[White "Zaichenko, Daria"]
[Black "Iordanidou, Zoi"]
[Result "1-0"]
[WhiteElo "2023"]
[BlackElo "1992"]
[PlyCount "87"]
[EventDate "2005.07.19"]
[EventType "swiss"]
[EventRounds "11"]
[EventCountry "FRA"]
[Source "lmi"]
[SourceDate "2005.07.31"]

1. e4 c5 2. c3 d5 3. exd5 Qxd5 4. d4 Nf6 5. Nf3 Bg4 6. Be2 e6 7. O-O Nc6 8. h3
Bh5 9. Be3 cxd4 10. cxd4 Bd6 11. Nc3 Qa5 12. a3 O-O 13. b4 Qd8 14. Qb3 h6 15.
Rfd1 Ne7 16. Ne5 Bxe2 17. Nxe2 Nfd5 18. Bc1 Nf5 19. Bb2 Qg5 20. Rd3 Nxd4 21.
Nxd4 Qxe5 22. Rg3 g6 23. Nb5 Qf4 24. Rd1 Rfc8 25. Nxd6 Qxd6 26. Qd3 Qf4 27. Rg4
Qf5 28. Qd4 Kf8 29. Qg7+ Ke7 30. Bd4 h5 31. Rg3 Rg8 32. Bc5+ Kd7 33. Qb2 Qe4
34. Re3 Qh4 35. Qe5 Rad8 36. Bxa7 Qc4 37. Rc3 Qa6 38. Bc5 Ke8 39. Rcd3 f6 40.
Qe4 Kf7 41. Re1 Nc7 42. Rf3 e5 43. Qxe5 Nd5 44. b5 1-0

[Event "Mundial Juvenil femenino 2005 s14"]
[Site "Belfort FRA"]
[Date "2005.07.28"]
[Round "9.9"]
[White "Guadamuro Torrente, Ana Isabel"]
[Black "Mc Vay, Karsten"]
[Result "1-0"]
[WhiteElo "2084"]
[BlackElo "1599"]
[PlyCount "83"]
[EventDate "2005.07.19"]
[EventType "swiss"]
[EventRounds "11"]
[EventCountry "FRA"]
[Source "lmi"]
[SourceDate "2005.07.31"]

1. e4 c5 2. Nf3 Nc6 3. d4 cxd4 4. Nxd4 e6 5. Nc3 Qc7 6. Be2 a6 7. O-O Nf6 8.
Be3 Bb4 9. f3 Bxc3 10. bxc3 d5 11. Nxc6 Qxc6 12. e5 Nd7 13. Qd4 O-O 14. Bd3 f5
15. c4 dxc4 16. Bxc4 Nxe5 17. Qxe5 Qxc4 18. Rfd1 Qb5 19. Bc5 b6 20. Bd4 Qxe5
21. Bxe5 b5 22. Rd6 Ra7 23. Rad1 Kf7 24. Kf2 Re8 25. f4 g6 26. Rb6 Ree7 27. Rd8
Re8 28. Rdd6 Ree7 29. Ke3 Rac7 30. Rd8 Rxc2 31. Rh8 h5 32. Rb8 Re8 33. Rh7+ Kf8
34. a3 Rc6 35. Rg7 Re7 36. Rxg6 Rb7 37. Ra8 Rh7 38. Kf3 Kf7 39. Rf6+ Ke7 40.
Ra7+ Bd7 41. Rg6 Kf7 42. Rg7+ 1-0

[Event "Mundial Juvenil femenino 2005 s14"]
[Site "Belfort FRA"]
[Date "2005.07.28"]
[Round "9.10"]
[White "Kulon, Klaudia"]
[Black "Deur, Zrinka"]
[Result "1-0"]
[WhiteElo "2069"]
[BlackElo "1918"]
[PlyCount "93"]
[EventDate "2005.07.19"]
[EventType "swiss"]
[EventRounds "11"]
[EventCountry "FRA"]
[Source "lmi"]
[SourceDate "2005.07.31"]

1. e4 c5 2. Nf3 d6 3. d4 cxd4 4. Nxd4 Nf6 5. Nc3 g6 6. h3 Bg7 7. Bc4 O-O 8. O-O
Nc6 9. Re1 Bd7 10. Bb3 Nxd4 11. Qxd4 Bc6 12. Qd3 Nd7 13. Bd5 Rc8 14. Bg5 Nc5
15. Qe3 Qc7 16. Rad1 a6 17. f4 Ne6 18. Bxe6 fxe6 19. b3 b5 20. Ne2 Bf6 21. h4
Bd7 22. Rd2 Qc5 23. Qxc5 Rxc5 24. Bxf6 Rxf6 25. e5 Rf7 26. exd6 exd6 27. Rxd6
Rxc2 28. Rxa6 Rd2 29. Kf2 Rd5 30. g3 e5 31. Nc3 Rc5 32. Ne4 Rc2+ 33. Ke3 exf4+
34. gxf4 Re7 35. Kd3 Rb2 36. Nf6+ Kf7 37. Rxe7+ Kxe7 38. Nxd7 Kxd7 39. Ra7+ Ke6
40. Rxh7 Rxa2 41. h5 Kf5 42. Rf7+ Ke6 43. hxg6 Rg2 44. f5+ Ke5 45. g7 Rg3+ 46.
Kc2 b4 47. f6 1-0

[Event "Mundial Juvenil femenino 2005 s14"]
[Site "Belfort FRA"]
[Date "2005.07.28"]
[Round "9.11"]
[White "Uuganbayar, Khamsuren"]
[Black "Smith, Hazel"]
[Result "0-1"]
[WhiteElo "1599"]
[BlackElo "2023"]
[PlyCount "100"]
[EventDate "2005.07.19"]
[EventType "swiss"]
[EventRounds "11"]
[EventCountry "FRA"]
[Source "lmi"]
[SourceDate "2005.07.31"]

1. e4 e6 2. d4 d5 3. Nd2 c5 4. exd5 exd5 5. dxc5 Bxc5 6. Bb5+ Nc6 7. Qe2+ Nge7
8. Ngf3 O-O 9. O-O Bf5 10. Nb3 Bb6 11. Bf4 Re8 12. Qd2 a6 13. Ba4 Ng6 14. Bg3
Re4 15. Bxc6 bxc6 16. Nbd4 Qf6 17. c3 Rae8 18. Rfe1 Bd7 19. Nb3 h5 20. h4 Bg4
21. Rxe4 Rxe4 22. Qg5 Qxg5 23. hxg5 Bxf3 24. gxf3 Re2 25. Nd4 Rxb2 26. Bd6 Bxd4
27. cxd4 Nh4 28. f4 Nf3+ 29. Kg2 Nxd4 30. Be5 Rd2 31. Rb1 c5 32. Rb6 Rxa2 33.
Bxd4 cxd4 34. f5 Ra4 35. g6 fxg6 36. fxg6 Kf8 37. f4 Ke7 38. f5 d3 39. Kf3 d2
40. Ke2 Rd4 41. Kd1 a5 42. Re6+ Kf8 43. Re3 h4 44. Ra3 a4 45. Re3 Re4 46. Rd3
Re5 47. Rd4 h3 48. Kxd2 a3 49. Kc2 Re1 50. Kb3 h2 0-1

[Event "Mundial Juvenil femenino 2005 s14"]
[Site "Belfort FRA"]
[Date "2005.07.28"]
[Round "9.12"]
[White "Rysbayeva, Algerim"]
[Black "Dudas, Eszter"]
[Result "1/2-1/2"]
[WhiteElo "1599"]
[BlackElo "2000"]
[PlyCount "83"]
[EventDate "2005.07.19"]
[EventType "swiss"]
[EventRounds "11"]
[EventCountry "FRA"]
[Source "lmi"]
[SourceDate "2005.07.31"]

1. e4 e5 2. Nf3 Nf6 3. Nc3 Bb4 4. Nxe5 Qe7 5. Nd3 Bxc3 6. dxc3 Nxe4 7. Be2 O-O
8. O-O d5 9. Re1 c6 10. f3 Nd6 11. Bf1 Qf6 12. Be3 Nd7 13. Bf2 Nc4 14. Qe2 b6
15. b3 Nd6 16. Bd4 Qh6 17. Ne5 c5 18. Ng4 Qg6 19. Bf2 Re8 20. Qd2 Bb7 21. Bd3
f5 22. Bg3 c4 23. bxc4 dxc4 24. Bxc4+ Nxc4 25. Qxd7 Bc6 26. Qd4 b5 27. Ne3 Rad8
28. Qf4 Nxe3 29. Rxe3 Rxe3 30. Qxe3 Re8 31. Qd3 a6 32. Rd1 Qf6 33. Bf2 h6 34.
a3 Kh7 35. Bd4 Qe6 36. Bf2 Qf6 37. Bd4 Qf7 38. Bc5 Qe6 39. Qd6 Qe2 40. Qd3 Qe6
41. Qd6 Qe2 42. Qd3 1/2-1/2

[Event "Mundial Juvenil femenino 2005 s14"]
[Site "Belfort FRA"]
[Date "2005.07.28"]
[Round "9.13"]
[White "Agrest, Inna"]
[Black "Ramirez, Heimi"]
[Result "0-1"]
[WhiteElo "1984"]
[BlackElo "1599"]
[PlyCount "67"]
[EventDate "2005.07.19"]
[EventType "swiss"]
[EventRounds "11"]
[EventCountry "FRA"]
[Source "lmi"]
[SourceDate "2005.07.31"]

1. e4 c5 2. c3 d5 3. exd5 Qxd5 4. d4 Nc6 5. Nf3 e6 6. Bd3 cxd4 7. cxd4 Nf6 8.
O-O Be7 9. Nc3 Qd8 10. Re1 O-O 11. Be3 Nb4 12. Bb1 b6 13. Ne5 Bb7 14. a3 Nbd5
15. Qd3 Re8 16. Bg5 h6 17. Be3 Bd6 18. Nxd5 Bxd5 19. Bf4 Rc8 20. Qd2 Bxe5 21.
dxe5 Nh7 22. Re3 Bb7 23. Rd3 Qh4 24. Rh3 Qd8 25. Bxh7+ Kxh7 26. Qe2 Qd5 27. Qg4
Rc4 28. Qg3 Rxf4 29. f3 Qxe5 30. Re1 Qc5+ 31. Kh1 Rc4 32. b4 Qc7 33. Qf2 Rc1
34. Rxc1 0-1

[Event "Mundial Juvenil femenino 2005 s14"]
[Site "Belfort FRA"]
[Date "2005.07.28"]
[Round "9.14"]
[White "Yu, Moqi"]
[Black "Heinatz, Maria"]
[Result "1-0"]
[WhiteElo "1599"]
[BlackElo "1940"]
[PlyCount "83"]
[EventDate "2005.07.19"]
[EventType "swiss"]
[EventRounds "11"]
[EventCountry "FRA"]
[Source "lmi"]
[SourceDate "2005.07.31"]

1. e4 c5 2. Nf3 e6 3. d4 cxd4 4. Nxd4 a6 5. Bc4 Nf6 6. Qe2 d5 7. exd5 Nxd5 8.
O-O Be7 9. Kh1 O-O 10. c3 b6 11. f4 Bf6 12. Nd2 Ne7 13. N2f3 Nbc6 14. Be3 Qc7
15. Bd3 Nd5 16. Nxc6 Qxc6 17. Be4 b5 18. Bd4 Bxd4 19. Nxd4 Qd6 20. Rad1 f5 21.
Nxf5 Rxf5 22. Bxf5 exf5 23. Qe8+ Qf8 24. Qxf8+ Kxf8 25. Rxd5 Be6 26. Re5 Kf7
27. Rfe1 Bxa2 28. Rxf5+ Kg6 29. Rfe5 Rd8 30. Kg1 Bc4 31. g4 Rd2 32. b4 Bd5 33.
R1e2 Rd3 34. R5e3 Rd1+ 35. Kf2 Bc4 36. Re1 Rd2+ 37. Kg3 Bd5 38. R1e2 Rd1 39.
f5+ Kf6 40. Re8 Rg1+ 41. Kh4 Bf3 42. Rf8# 1-0

[Event "Mundial Juvenil femenino 2005 s14"]
[Site "Belfort FRA"]
[Date "2005.07.28"]
[Round "9.15"]
[White "Vetrila, Sanda"]
[Black "Savola, Laura"]
[Result "1/2-1/2"]
[WhiteElo "1924"]
[BlackElo "1599"]
[PlyCount "71"]
[EventDate "2005.07.19"]
[EventType "swiss"]
[EventRounds "11"]
[EventCountry "FRA"]
[Source "lmi"]
[SourceDate "2005.07.31"]

1. e4 e6 2. d4 d5 3. Nc3 Bb4 4. exd5 exd5 5. Bd3 Nf6 6. Nge2 O-O 7. O-O c6 8.
Bf4 Bd6 9. Qd2 Qc7 10. Rfe1 Nbd7 11. Bxd6 Qxd6 12. Nf4 Nb6 13. Nce2 Bd7 14. Ng3
g6 15. Re2 Rae8 16. Rae1 Rxe2 17. Rxe2 Re8 18. c3 Rxe2 19. Nfxe2 Kg7 20. f3 Nc8
21. Kf2 Ne7 22. Qe3 Bc8 23. Nf4 Qc7 24. Bc2 Neg8 25. Nd3 Ne7 26. Ne5 Be6 27. h4
Qb6 28. b3 Qa5 29. a4 Qc7 30. h5 Nd7 31. h6+ Kf8 32. Qf4 Nxe5 33. dxe5 Qb6+ 34.
Kf1 Ke8 35. Ne2 Bf5 36. Bd1 1/2-1/2

[Event "Mundial Juvenil femenino 2005 s14"]
[Site "Belfort FRA"]
[Date "2005.07.28"]
[Round "9.17"]
[White "Drobrenski, Jessika"]
[Black "Erdos, Boglarka"]
[Result "0-1"]
[WhiteElo "1599"]
[BlackElo "1981"]
[PlyCount "130"]
[EventDate "2005.07.19"]
[EventType "swiss"]
[EventRounds "11"]
[EventCountry "FRA"]
[Source "lmi"]
[SourceDate "2005.07.31"]

1. e4 e6 2. d4 d5 3. Nd2 c5 4. exd5 Qxd5 5. Ndf3 Nc6 6. Be3 cxd4 7. Nxd4 Nxd4
8. Qxd4 Qxd4 9. Bxd4 Bd7 10. O-O-O Ne7 11. Nf3 Nc6 12. Bc3 Rc8 13. Be2 Bc5 14.
Rhf1 f6 15. Nd2 Ke7 16. Bf3 Nd4 17. Bxd4 Bxd4 18. Nb3 Bb6 19. Bxb7 Rc7 20. Ba6
Bc6 21. f3 h5 22. Rfe1 Ba4 23. Re2 Rc6 24. Bd3 Rd6 25. Kb1 Rhd8 26. Nc1 h4 27.
Re4 Rd4 28. Rxd4 Rxd4 29. Re1 h3 30. g3 e5 31. Ne2 Ba5 32. Rf1 Rd8 33. Ng1 Bd7
34. Ne2 Be6 35. a3 g5 36. g4 Bb6 37. Ng3 Be3 38. Ne2 Bd5 39. Nc3 Bc6 40. Ne2
Rh8 41. c4 Rd8 42. Kc2 a5 43. Nc3 Rh8 44. Nd1 Bf4 45. Rf2 Rb8 46. Nc3 Rh8 47.
Ne4 Be3 48. Re2 Bd4 49. Re1 a4 50. Kc1 Rb8 51. Re2 Rb3 52. Bb1 Rxf3 53. Nd2 Rf2
54. Rxf2 Bxf2 55. Bd3 Bg1 56. Nf1 Bf3 57. Bc2 Bxg4 58. Bxa4 Be2 59. Nd2 Bxh2
60. c5 Bf4 61. Bc6 h2 62. Bh1 g4 63. Kc2 g3 64. Ne4 Bf1 65. a4 g2 0-1

[Event "Mundial Juvenil femenino 2005 s14"]
[Site "Belfort FRA"]
[Date "2005.07.28"]
[Round "9.18"]
[White "Maroroa, Sue Yuchan"]
[Black "Krasnodebska, Magdalena"]
[Result "1/2-1/2"]
[WhiteElo "1599"]
[BlackElo "1963"]
[PlyCount "53"]
[EventDate "2005.07.19"]
[EventType "swiss"]
[EventRounds "11"]
[EventCountry "FRA"]
[Source "lmi"]
[SourceDate "2005.07.31"]

1. e4 c5 2. Nc3 e6 3. Bc4 Nc6 4. a3 Nf6 5. d3 d5 6. exd5 exd5 7. Bb3 Be7 8. h3
O-O 9. Nf3 Be6 10. O-O d4 11. Bxe6 fxe6 12. Ne2 e5 13. Ng3 Qe8 14. Re1 Nd7 15.
Bd2 Qf7 16. Re2 c4 17. Bg5 Bxg5 18. Nxg5 Qg6 19. N5e4 Nb6 20. dxc4 Nxc4 21. Qd3
Nb6 22. Rae1 Rf7 23. b4 Nd5 24. Qb3 Nf4 25. Rd2 Raf8 26. Nc5 b6 27. Nce4
1/2-1/2